000 00485nam a2200157 a 4500
001 000047183
005 20201002053427.0
008 180418s2017 dr a 000 spa d
020 _a9789945124590
040 _aDO-SdBNP
_bspa
_cBNPHU
082 _axxx
_bM717l
100 1 _aMolina Martínez, Delkis
_974944
245 0 _aLengua española 2 :. :
_bnivel secundario /
_cDelkis Molina Martínez.
260 _aSanto Domingo :
_bSusaeta Ediciones,
_c2017.
300 _a255 p. :
_bil ;
_c30 cm.
999 _c46671
_d46671